000 01419nam a2200373 i 4500
001 24889
003 Mx-PuUPA
005 20250617094904.0
008 140415s2011 sp gr 001 0 spa d
017 _aB- 31625-2011
020 _a9788425425042
040 _aMx-PuUPA
_bspa
_cMx-PuUPA
_dMx-PuUPA
_erda
041 1 _aspa
_hger
043 _ae-sp---
100 1 _aHirschberger, Johannes,
_d1900-1990
_916941
_eautor
240 1 0 _aGeschichte der Philosophie.
_lEspañol
245 1 0 _aHistoria de la Filosofía :
_bVolumen II. Edad Moderna, Edad Contemporánea /
_cJohannes Hirschberger ; traducción de Luis Martínez Gómez ; edición, Raúl Gabás
250 _aCorregida y aumentada /
_bpor Raúl Gabás
264 1 _aBarcelona, España :
_bHerder Editorial,
_c©2011
300 _a533 páginas ;
_c25 cm
336 _2rdacontent
_atexto
_btxt
337 _2rdamedia
_asin medio
_bn
338 _2rdacarrier
_avolumen
_bnc
650 7 _2armarc
_aFilosofía
_zEspaña
650 7 _2armarc
_aFilosofía
_xHistoria
650 7 _2armarc
_aFilosofía
_xHistoria
_ySiglo XX
700 1 _aMartínez Gómez, Luis,
_etraductor
700 1 _aGabás, Raúl,
_eeditor
765 0 _aHirschberger, Johannes
_tGeschichte der Philosophie
942 _2ddc
_cLI
_h196.104
_iH6618
999 _c24889
_d24889